000 01273nam a2200325 a 4500
001 991032524919706706
003 ES-BaIT
005 20260511145008.0
008 901227s1988 spca || 000 ||cat
015 _aLL1990
_2bnc
017 _aDL B. 44716-1988
_bBiblioteca de Catalunya
035 _a(ES-BaCBU).b18574841
040 _aES-BaBC
_bcat
_cES-BaBC
043 _ae-sp---
_be-spcan
_2catmarc
080 _a792-053.2(467.1 An Igualada)
080 _a79.09:792.077(460.23)
100 1 _aDalmau i Ribalta, Jordi
_9169470
245 1 0 _a10 anys de Rialles a Igualada /
_c[Jordi Dalmau i Ribalta]
260 _a[Igualada] :
_bGrup Rialles d'Igualada de la Delegació d'Òmnium Cultural, Moviment Rialles de Catalunya,
_cDL 1988
300 _a115 p. :
_bil. ;
_c25 cm
500 _aRecull els anys de 1978 a 1987
610 2 4 _aMoviment Rialles de Catalunya.
_bGrup Rialles d'Igualada
_9169471
650 7 _aAnimació sociocultural
_zCatalunya
_zIgualada
_2lemac
_9169472
650 7 _aTeatre infantil
_zCatalunya
_zIgualada
_2lemac
_9169473
650 7 _aTeatre infantil
_zCatalunya
_zIgualada
_xSocietats, etc.
_2lemac
_9169474
710 2 _aMoviment Rialles de Catalunya.
_bGrup Rialles d'Igualada
_9169471
908 _aBC
_aCDMAE
940 _aBC
942 _2udc
_c1
999 _c137440
_d137440